| 000 | 00542nam a2200193 a 4500 | ||
|---|---|---|---|
| 005 | 20240702063814.0 | ||
| 008 | 991125s1973 ag 000 0 spa u | ||
| 035 | _aUPN01000001758 | ||
| 049 | _aCG | ||
| 050 | 4 |
_aGV1218 J4 _bS7.88 |
|
| 100 | 1 | _aStevens, E. W. | |
| 245 | 1 | 0 |
_aAlhajas sencillas / _cE. W. Stevens ; tr. Yolanda K. de Stock. |
| 260 |
_aBuenos Aires : _bKapelusz, _c1973. |
||
| 300 |
_a84 p. : _bprincipalmente il. |
||
| 440 | 0 | _aCómo hacer | |
| 650 | 4 |
_aJOYERIA _923168 |
|
| 650 | 4 |
_aTrabajos manuales _910048 |
|
| 905 | _aLibro | ||
| 999 |
_c1758 _d1758 |
||